Statistics for Name that 20th Century Historical Figure

Click here to take the quiz!

General Stats

  • This quiz has been taken 130 times
  • The average score is 12 of 16

Answer Stats

Answer% Correct
Adolf Hitler
98%
Josef Stalin
96%
John Kennedy Sr.
94%
Winston Churchill
93%
Robert Kennedy Sr.
92%
Ronald Reagan
85%
Saddam Hussein
82%
Kim Il Sung
80%
Martin King Jr.
74%
Dwight Eisenhower
73%
Charles de Gaulle
71%
Amelia Earhart
68%
T.E. Lawrence
56%
Nicholas
54%
Wilhelm II
49%
Bernard Montgomery
30%

Score Distribution

Percentile by Number Answered

Percent of People with Each Score

Your Score History

You have not taken this quiz